En 1800, combien de temps pour aller en diligence de Paris à... - Statistiques

Statistiques générales
  • Ce quiz a été pris 18 fois
  • Le résultat moyen est 3 sur 9
Statistiques - réponses
Hint Réponse % Correct
Chartres / Orléans / Rouen 024 heures
69%
Nantes / Rennes 096 heures
44%
Besançon 120 heures
44%
Bordeaux 180 heures
44%
Toulouse 192 heures
31%
Metz / Troyes / Caen / Reims 036 heures
25%
Calais 060 heures
25%
Lille 048 heures
19%
Clermont-Ferrand / Strasbourg / Lyon 108 heures
6%
Aucun quiz correspondant
Distribution des résultats
% des personnes avec chaque résultat
Percentile par nombre de réponses
Votre historique - résultats
Vous n’avez pas pris ce quiz